Thuốc điều trị và vacxin sử dụng trong thú y
Enregistré dans:
| Auteur principal: | |
|---|---|
| Format: | Livre |
| Langue: | Undetermined |
| Publié: |
Hà Nội
Nông nghiệp
2000
|
| Sujets: | |
| Tags: |
Ajouter un tag
Pas de tags, Soyez le premier à ajouter un tag!
|
| Thư viện lưu trữ: | Trung tâm Học liệu Trường Đại học Cần Thơ |
|---|
| LEADER | 00574nam a2200181Ia 4500 | ||
|---|---|---|---|
| 001 | CTU_40600 | ||
| 008 | 210402s9999 xx 000 0 und d | ||
| 020 | |c 18000 | ||
| 082 | |a 636.08958 | ||
| 082 | |b L116v | ||
| 100 | |a Phạm Sĩ Lăng | ||
| 245 | 0 | |a Thuốc điều trị và vacxin sử dụng trong thú y | |
| 245 | 0 | |c Phạm Sĩ Lăng, Nguyễn Thị Tài | |
| 260 | |a Hà Nội | ||
| 260 | |b Nông nghiệp | ||
| 260 | |c 2000 | ||
| 650 | |a veterinary epidemiology,veterinary vaccines | ||
| 980 | |a Trung tâm Học liệu Trường Đại học Cần Thơ | ||